| 000 | 00762nam a22002057a 4500 | ||
|---|---|---|---|
| 999 |
_c7508 _d7508 |
||
| 003 | AR-CdUCM | ||
| 008 | 190320b ||||| |||| 00| 0 spa d | ||
| 040 |
_aMUNICIPALIDAD PROVINCIAL DEL CUSCO _cBIBLIOTECA MUNICIPAL DEL CUSCO |
||
| 082 |
_a624.17 / _bT56 |
||
| 100 |
_aTimoshenko ,S.P. _921193 |
||
| 245 | _aTeoria de las Estructuras / | ||
| 260 |
_aEspaña : _bURMO S.A. , _c1976. |
||
| 300 |
_a621 páginas ; _c23.7 cm. |
||
| 505 | _aContenido : Elementos de estatica en el plano -- Celosias Planas Estatucamente Determinadas -- Linea de Influencia -- Estructuras Espaciales estáticamente determinadas... | ||
| 650 |
_aEstatica _921194 |
||
| 650 |
_aEstudio de Planos _921195 |
||
| 650 |
_aEstructuras Teoria _921196 |
||
| 942 |
_2ddc _cLIBROS |
||
| 945 | _artm | ||